The last of the Mohicans / (Registro nro. 14643)
[ vista simple ]
| 000 -LEADER | |
|---|---|
| fixed length control field | 01256cam a2200337 i 4500 |
| 001 - CONTROL NUMBER | |
| control field | 14643 |
| 003 - CONTROL NUMBER IDENTIFIER | |
| control field | Mx-PuUPA |
| 005 - DATE AND TIME OF LATEST TRANSACTION | |
| control field | 20260427111916.0 |
| 008 - FIXED-LENGTH DATA ELEMENTS--GENERAL INFORMATION | |
| fixed length control field | 140415s1980 xxka gr 001 f eng d |
| 020 ## - INTERNATIONAL STANDARD BOOK NUMBER | |
| International Standard Book Number | 9781405842877 |
| 040 ## - CATALOGING SOURCE | |
| Original cataloging agency | Mx-PuUPA |
| Language of cataloging | spa |
| Transcribing agency | Mx-PuUPA |
| Modifying agency | Mx-PuUPA |
| Description conventions | rda |
| 041 0# - LANGUAGE CODE | |
| Language code of text/sound track or separate title | eng |
| 100 1# - MAIN ENTRY--PERSONAL NAME | |
| Personal name | Cooper, James Fenimore |
| Dates associated with a name | 1789 y 1851 |
| 9 (RLIN) | 17997 |
| 245 14 - TITLE STATEMENT | |
| Title | The last of the Mohicans / |
| Statement of responsibility, etc. | James Feminore Cooper ; retold by Coolen Degnan-Veness |
| 264 #1 - PRODUCTION, PUBLICATION, DISTRIBUTION, MANUFACTURE, AND COPYRIGHT NOTICE | |
| Place of production, publication, distribution, manufacture | England : |
| Name of producer, publisher, distributor, manufacturer | Pearson Education Limited, |
| Date of production, publication, distribution, manufacture, or copyright notice | ©2008 |
| 300 ## - PHYSICAL DESCRIPTION | |
| Extent | iv, 43 páginas : |
| Other physical details | ilustraciones (a color) ; |
| Dimensions | 20 cm |
| 336 ## - CONTENT TYPE | |
| Fuente | rdacontent |
| Content type term | texto |
| Content type code | txt |
| 337 ## - MEDIA TYPE | |
| Source | rdamedia |
| Media type term | sin medio |
| Media type code | n |
| 338 ## - CARRIER TYPE | |
| Source | rdacarrier |
| Carrier type term | volumen |
| Carrier type code | nc |
| 490 0# - SERIES STATEMENT | |
| Series statement | Penguin readers |
| 521 0# - TARGET AUDIENCE NOTE | |
| Target audience note | Level 2 |
| -- | 600 headwords |
| -- | Elementary |
| 650 #7 - SUBJECT ADDED ENTRY--TOPICAL TERM | |
| Source of heading or term | armarc |
| Topical term or geographic name entry element | Inglés |
| General subdivision | Libros selectos |
| -- | Libros y lectura (Educación primaria) |
| 650 #7 - SUBJECT ADDED ENTRY--TOPICAL TERM | |
| Source of heading or term | armarc |
| Topical term or geographic name entry element | Inglés |
| General subdivision | Composición y ejercicios |
| 650 #7 - SUBJECT ADDED ENTRY--TOPICAL TERM | |
| Source of heading or term | armarc |
| Topical term or geographic name entry element | Pueblos indígenas |
| Geographic subdivision | Estados Unidos |
| Form subdivision | Novela |
| 651 #4 - SUBJECT ADDED ENTRY--GEOGRAPHIC NAME | |
| Geographic name | Estados Unidos |
| General subdivision | Historia |
| Chronological subdivision | 1754-1763 (Guerra de los Siete Años) |
| Form subdivision | Novela |
| 655 #4 - INDEX TERM--GENRE/FORM | |
| Genre/form data or focus term | Novela |
| 700 1# - ADDED ENTRY--PERSONAL NAME | |
| Personal name | Degnan-Veness, Coolen |
| Relator term | editor |
| 942 ## - ADDED ENTRY ELEMENTS (KOHA) | |
| Source of classification or shelving scheme | Dewey Decimal Classification |
| Koha item type | Libro |
| Classification part | 428.24 |
| Item part | C76 |
| Withdrawn status | Lost status | Source of classification or shelving scheme | Damaged status | Not for loan | Collection code | Home library | Current library | Shelving location | Date acquired | Total Checkouts | Full call number | Barcode | Date last seen | Price effective from | Koha item type |
|---|---|---|---|---|---|---|---|---|---|---|---|---|---|---|---|
| Dewey Decimal Classification | General | Tehuacán | Tehuacán | Sala general | 16/04/2026 | 428.24 C76 2008 | 968000003006 | 16/04/2026 | 16/04/2026 | Libro |